000 00466nam a22001697a 4500
005 20230727120532.0
008 230727b |||||||| |||| 00| 0 eng d
020 _a978-81-931981-0-0
041 _aeng
082 _a345.400 5
100 _aDHAL. DEBI PRASAD AND REDDY, A.RAMI
_97886
245 _aINDIAN BAR REVIEW ,VOL-47 [2. 8. 3] 2020
250 _aVOL-47[2.8.3]
260 _aNEW DELHI
_bBAR COUNCIL OF INDIA TRUST
_c2020
650 _aLAW
_97887
942 _cBK
999 _c8345
_d8343